000 00592nam a2200229Ia 4500
003 OSt
005 20221007105501.0
006 a|||||r|||| 00| 0
007 ta
008 221006b |||||||| |||| 00| 0 eng d
024 _a18,703
037 _cTextual
040 _aLCO
_cLCO
_beng
041 _2eng
_aeng
082 _aZ2,25, M2
100 _aKhare K.B
_9706662
245 0 _aIndian Easements Act, 1882
260 _aDelhi
_bEastern Book Co. India
_c1982
650 _aEASEMENTS ACT
_9706663
942 _hZ2,25, M2
_cTEXL
999 _c1188266
_d1188266